|
|
|
|
| LEADER |
00000nas a2200000 a 4500 |
| 001 |
ssj0000392942 |
| 003 |
WaSeSS |
| 005 |
20200512172242.0 |
| 006 |
m d |
| 007 |
cr n |
| 008 |
100216d20082017nyuuu pss 0 0eng c |
| 010 |
|
|
|a 2010237262
|
| 016 |
7 |
|
|a 2565892-X
|2 DE-600
|
| 022 |
|
|
|a 2090-2239
|l 2090-2220
|
| 035 |
|
|
|a (WaSeSS)ssj0000392942
|
| 040 |
|
|
|a IL4I4
|b eng
|c IL4I4
|d UV0
|d HEBIS
|d TJC
|d OCLCQ
|d OCLCF
|d OCLCO
|d OCLCQ
|d ORU
|d AU@
|d VT2
|d CUS
|d WaSeSS
|
| 042 |
|
|
|a pcc
|
| 050 |
1 |
4 |
|a QC1
|
| 210 |
0 |
|
|a Phys. res. int.
|b (Online)
|
| 222 |
|
0 |
|a Physics research international
|b (Online)
|
| 245 |
0 |
0 |
|a Physics research international
|h [electronic resource].
|
| 260 |
|
|
|a [New York, NY?] :
|b Hindawi
|
| 362 |
1 |
|
|a Began in 2008?; ceased with Vol. 2017 (2017).
|
| 506 |
|
|
|a License restrictions may limit access.
|
| 515 |
|
|
|a Issued as unnumbered articles within the year.
|
| 588 |
|
|
|a Description based on: Vol. 2008 (2008); title from journal home page (publisher's Web Site, viewed Sept. 15, 2010).
|
| 588 |
|
|
|a Latest issue consulted: Vol. 2010 (2010) (viewed Sept. 15, 2010).
|
| 650 |
|
0 |
|a Physics
|v Periodicals.
|
| 650 |
|
7 |
|a Physics.
|2 fast
|0 (OCoLC)fst01063025
|
| 655 |
|
0 |
|a Electronic journals.
|
| 776 |
0 |
8 |
|i Print version:
|t Physics research international
|x 2090-2220
|
| 856 |
4 |
0 |
|z Full text available from Research Library: 01/01/2014 to 01/31/2017
|u https://search.proquest.com/publication/2037508
|